Подробности
| 000 -МАРКЕР |
| контрольное поле |
02251nam0a2200385 4500 |
| 001 - ИДЕНТИФИКАТОР ЗАПИСИ |
| контрольное поле |
RU\NLR\bibl\1679987 |
| 005 - ИДЕНТИФИКАТОР ВЕРСИИ |
| контрольное поле |
20260408203321.0 |
| 010 ## - МЕЖДУНАРОДНЫЙ СТАНДАРТНЫЙ НОМЕР КНИГИ (ISBN) |
| Номер (ISBN) |
978-5-7621-0562-0 |
| 021 ## - НОМЕР ГОСУДАРСТВЕННОЙ РЕГИСТРАЦИИ |
| Код страны |
Российская Федерация |
| Номер |
2010-63466 |
| Номер Листа государственной регистраци |
4168 |
| 035 ## - ДРУГИЕ СИСТЕМНЫЕ НОМЕРА |
| Идентификатор записи |
(nilc)RSL-KNO-004721071 |
| 035 ## - ДРУГИЕ СИСТЕМНЫЕ НОМЕРА |
| Идентификатор записи |
(NLR Aleph) 001671196 |
| 100 ## - ДАННЫЕ ОБЩЕЙ ОБРАБОТКИ |
| Данные общей обработки |
20100816d2010 |||y0rusy50 ca |
| 101 0# - ЯЗЫК РЕСУРСА |
| Язык текста, звукозаписи и т.д. |
русский |
| 102 ## - СТРАНА ПУБЛИКАЦИИ ИЛИ ПРОИЗВОДСТВА |
| Страна публикации |
Российская Федерация |
| 105 ## - ПОЛЕ КОДИРОВАННЫХ ДАННЫХ: ТЕКСТОВЫЕ МАТЕРИАЛЫ, МОНОГРАФИЧЕСКИЕ |
| Кодированные данные о монографическом текстовом документе |
y zzzz||||| |
| 200 1# - ЗАГЛАВИЕ И СВЕДЕНИЯ ОБ ОТВЕТСТВЕННОСТИ |
| Основное заглавие |
Современные аудиовизуальные технологии в художественном творчестве и высшем образовании : |
| Сведения, относящиеся к заглавию |
материалы II Всероссийской научно-практической конференции, 27 марта 2010 года |
| Первые сведения об ответственности |
Санкт-Петербургский гуманитарный ун-т профсоюзов |
| Последующие сведения об ответственности |
науч. ред.: Е. А. Полехина |
| 210 ## - ПУБЛИКАЦИЯ, РАСПРОСТРАНЕНИЕ И ДР. |
| Место издания, распространения и т.д. |
Санкт-Петербург |
| Имя издателя, распространителя и т. д. |
СПбГУП |
| Дата издания, распространения и т.д. |
2010 |
| 215 ## - ФИЗИЧЕСКАЯ ХАРАКТЕРИСТИКА |
| Специфическое обозначение материала и объем |
82, [1] с. |
| Размеры |
20 |
| 300 ## - ОБЩИЕ ПРИМЕЧАНИЯ |
| Текст примечания |
Указ. |
| 606 1# - НАИМЕНОВАНИЕ ТЕМЫ КАК ПРЕДМЕТ |
| Наименование темы |
Звукорежиссура |
| Формальный подзаголовок |
Съезды, совещания и т.п. |
| Тематический подзаголовок |
Кадры |
| -- |
Подготовка |
| Системный номер авторитетной/нормативной записи |
2605589 |
| Идентификатор авторитетной/нормативной записи |
RU\NLR\auth\661542147 |
| 606 1# - НАИМЕНОВАНИЕ ТЕМЫ КАК ПРЕДМЕТ |
| Наименование темы |
Музыка |
| Формальный подзаголовок |
Съезды, совещания и т.п. |
| Системный номер авторитетной/нормативной записи |
888123 |
| Идентификатор авторитетной/нормативной записи |
RU\NLR\auth\66429 |
| 606 ## - НАИМЕНОВАНИЕ ТЕМЫ КАК ПРЕДМЕТ |
| Наименование темы |
Высшие музыкальные учебные заведения |
| Тематический подзаголовок |
Преподавание |
| -- |
Аудиовизуальные методы |
| Формальный подзаголовок |
Съезды, совещания и т.п. |
| Идентификатор авторитетной/нормативной записи |
RU\NLR\auth\661534954 |
| Системный номер авторитетной/нормативной записи |
2598006 |
| 686 1# - ИНДЕКСЫ ДРУГИХ КЛАССИФИКАЦИЙ |
| Индекс |
Щ31я431 |
| 686 1# - ИНДЕКСЫ ДРУГИХ КЛАССИФИКАЦИЙ |
| Индекс |
Ч488.757.841я431 |
| 686 1# - ИНДЕКСЫ ДРУГИХ КЛАССИФИКАЦИЙ |
| Индекс |
Ч488.782.125я431 |
| 702 #1 - ИМЯ ЛИЦА - ВТОРИЧНАЯ ОТВЕТСТВЕННОСТЬ |
| Начальный элемент ввода |
Полехина |
| Часть имени, кроме начального элемента ввода |
Е. А. |
| Код отношения |
Редактор |
| 711 12 - НАИМЕНОВАНИЕ ОРГАНИЗАЦИИ - АЛЬТЕРНАТИВНАЯ ОТВЕТСТВЕННОСТЬ |
| Начальный элемент ввода |
"Современные аудиовизуальные технологии в художественном творчестве и высшем образовании", всероссийская научно-практическая конференция |
| Порядковый номер временной организации и / или порядковый номер ее части |
2 |
| Дата проведения временной организации |
2010 |
| Место проведения временной организации |
Санкт-Петербург |
| Идентификатор авторитетной/нормативной записи |
RU\NLR\AUTH\8810164280 |
| Системный номер авторитетной/нормативной записи |
824624 |
| 801 #0 - ИСТОЧНИК ЗАПИСИ |
| Страна |
Российская Федерация |
| Организация |
РГБ |
| Дата составления |
20100816 |
| Правила каталогизации |
rcr |
| 801 #1 - ИСТОЧНИК ЗАПИСИ |
| Страна |
Российская Федерация |
| Организация |
РГБ |
| Дата составления |
20100816 |
| 801 #2 - ИСТОЧНИК ЗАПИСИ |
| Страна |
Российская Федерация |
| Организация |
NLR |
| Дата составления |
20100930 |
| Правила каталогизации |
rcr |
| 942 ## - ДОПОЛНИТЕЛЬНЫЕ ЭЛЕМЕНТЫ ЗАПИСИ (АБИС) |
| Тип экземпляра АБИС |
Книга |
| 980 ## - КОЛЛЕКЦИЯ |
| Название коллекции |
Национальная библиография |